Holy religious cities - Statistics

General Stats
  • This quiz has been taken 95 times
  • The average score is 6 of 20
Answer Stats
Hint Answer % Correct
Christianity Jerusalem
98%
Jerusalem
98%
Judaism Jerusalem
98%
Islam Mecca
92%
Rome / Vatican
80%
Medina
76%
Varanasi
40%
Hebron
16%
Bodh Gaya
8%
Tiberias
8%
Safed
7%
Buhdism Lumbini
6%
Hinduism Ayodhya
3%
Haridwa
3%
Sarnath
3%
Ujjain
3%
Dvaraka
2%
Kanchipuram
2%
Mathura
2%
Kusinagara
1%
No matching quizzes found
Score Distribution
Percent of People with Each Score
Percentile by Number Answered
Your Score History
You have not taken this quiz